Mikroekonómia oligopoly a regulované monopoly

Guardado en:
Detalles Bibliográficos
Autor principal: Fendeková, Eleonora, 1952-
Otros Autores: Fendek, Michal, Grznár, Miroslav, Goga, Marián
Formato: Libro
Lenguaje:eslovaco
Publicado: Bratislava Wolters Kluwer 2018
Edición:1. vydanie
Colección:Ekonómia
Materias:
Etiquetas: Agregar Etiqueta
Sin Etiquetas, Sea el primero en etiquetar este registro!

MARC

LEADER 00000nam a2200000 4500
001 0240578
005 20240502073919.6
020 |a 978-80-8168-765-5 
041 0 |a slo 
044 |a SK 
245 1 0 |a Mikroekonómia  |b oligopoly a regulované monopoly  |c Eleonora Fendeková, Michal Fendek ; recenzenti: Miroslav Grznár, Marián Goga 
250 |a 1. vydanie 
264 1 |a Bratislava  |b Wolters Kluwer  |c 2018 
300 |a 230 s. [12,11 AH] 
490 1 |a Ekonómia 
830 0 |a Ekonómia 
610 2 0 |a mikroekonomika 
610 2 0 |a teórie ekonomické 
610 2 0 |a produkcia 
610 2 0 |a náklady 
610 2 0 |a konkurencia 
610 2 0 |a monopoly 
610 2 0 |a oligopoly 
610 2 0 |a regulácia 
100 1 |a Fendeková, Eleonora, 1952- 
700 1 |a Fendek, Michal 
700 1 |a Grznár, Miroslav 
700 1 |a Goga, Marián